Normal view
MARC view
Entry Personal Name
001 - CONTROL NUMBER
- control field: 23402
003 - CONTROL NUMBER IDENTIFIER
- control field: ARRUPE
005 - DATE AND TIME OF LATEST TRANSACTION
- control field: 20160329100407.0
008 - FIXED-LENGTH DATA ELEMENTS
- fixed length control field: 160329|| aca||aabn | a|a d
040 ## - CATALOGING SOURCE
- Original cataloging agency: ARRUPE
- Transcribing agency: ARRUPE
100 ## - HEADING--PERSONAL NAME
- Personal name: Heck, Lutz,
- Dates associated with a name: 1892-1983.
670 ## - SOURCE DATA FOUND
- Source citation: Work cat.: (ARRUPE)0: Heck, Lutz, 1892-1983., Animals, my adventures., [1954]